Поэмы революции: для среднего и старшего школьного возраста

Bibliografiske detaljer
Andre forfattere: Михайлов Ал. (составитель), Дурасов Л.
Summary:Исключено из фонда НТБ ТПУ
Sprog:russisk
Udgivet: Москва, Детская литература, 1987
Format: Bog
KOHA link:https://koha.lib.tpu.ru/cgi-bin/koha/opac-detail.pl?biblionumber=166462

MARC

LEADER 00000nam0a2200000 4500
001 166462
005 20231031162357.0
020 |a RU  |b 87-96035 
035 |a (RuTPU)RU\TPU\book\180572 
090 |a 166462 
100 |a 20091002d1987 de y0rusy5003 ca 
101 0 |a rus 
102 |a RU 
105 |a a z 000gy 
200 1 |a Поэмы революции  |e для среднего и старшего школьного возраста  |f сост. и авт. предисл. Ал. Михайлов ; грав. Л. Дурасов 
210 |a Москва  |c Детская литература  |d 1987 
215 |a 317,[2] с.  |c граф.  |d 20х.11 см 
333 |a Исключено из фонда НТБ ТПУ 
702 1 |a Михайлов  |b Ал.  |4 220 
702 1 |a Дурасов  |b Л.  |4 350 
801 0 |a RU  |b RuMRKP  |c 19950417  |g psbo 
801 1 |a RU  |b 63413507  |c 20091002 
801 2 |a RU  |b 63413507  |c 20211028  |g RCR 
942 |c BK